'E' in Geography Quiz Stats

 Plays Quiz Updated Jul 28, 2017

Also try: 'D' in Geography
Challenge
Share
Tweet
Score 0/16 Timer 05:00
11 Plays Today
Question Answer % Correct
Which mountain is Earth's highest at 8,848m above sea level?Everest
97.4%
Can you name the landmark in the images above?Eiffel Tower
96.4%
Which is the largest constituent country of the United Kingdom?England
95.2%
What is the name of the circle of latitude that has a latitude of 0°?Equator
93.2%
What name is given to the sudden release of energy in the Earth's crust, forming seismic waves? Earthquake
92.4%
What is the capital city and second largest city of Scotland?Edinburgh
89.1%
Can you name the country whose outline is in the images above?Egypt
87.5%
Can you name the lake in the images above?Erie
84.5%
Question Answer % Correct
What is the name of the national park and subtropical wetlands in South Florida?Everglades
83.6%
Which country in the Horn of Africa got its independence from Ethiopia in 1991?Eritrea
82.7%
What is the capital of the Canadian province, Alberta?Edmonton
79%
Which mount, on the island of Sicily is the tallest active volcano in Europe?Etna
77.6%
Can you name the user of the flag in the image above?European Union
77.1%
Sharing the island 'Timor' with Indonesia, what is the other name for Timor-Leste?East Timor
69.4%
Which island in the SE Pacific Ocean is known for its Moai?Easter Island
63.8%
Which river in Western Asia has its source in Turkey, and empties into the Persian Gulf?Euphrates
63.7%

You're not logged in!

Compare scores with friends on all Sporcle quizzes.
OR
Log In

You Might Also Like...

Show Comments

Extras

Top Quizzes Today


Score Distribution

Your Account Isn't Verified!

In order to create a playlist on Sporcle, you need to verify the email address you used during registration. Go to your Sporcle Settings to finish the process.

Report this User

Report this user for behavior that violates our Community Guidelines.

Details: